[Event "4. Open Ciudad de Tres Cantos 2012"]
[Site "Tres Cantos ESP"]
[Date "2012.06.25"]
[Round "5.47"]
[White "Sierra Soria, Maria"]
[Black "Rausell Tamayo, Estrella"]
[Result "1-0"]
[WhiteElo "1768"]
[BlackElo "1308"]
[PlyCount "47"]
[EventDate "2012.06.21"]
[EventType "swiss"]
[EventRounds "9"]
[EventCountry "ESP"]
[Source "lmi"]
[SourceDate "2012.06.21"]

1. e4 e6 2. d4 d5 3. Nd2 Ne7 4. c3 Bd7 5. Bd3 Bc6 6. e5 Qd7 7. Ne2 Bb5 8. Nf3
Bxd3 9. Qxd3 Nf5 10. O-O c5 11. Ng5 b5 12. Ng3 g6 13. Nh3 cxd4 14. cxd4 Nc6 15.
Nxf5 gxf5 16. a3 a5 17. Nf4 Rg8 18. Rd1 b4 19. Qh3 h6 20. Nh5 Bg7 21. Qg3 Kf8
22. Nxg7 Ke7 23. Qh4+ f6 24. Qxf6# 1-0

[Event "4. Open Ciudad de Tres Cantos 2012"]
[Site "Tres Cantos ESP"]
[Date "2012.06.25"]
[Round "5.48"]
[White "Corral Sanchez, Jesus"]
[Black "Garcia Minguez, Antonio"]
[Result "0-1"]
[WhiteElo "1673"]
[BlackElo "1463"]
[PlyCount "52"]
[EventDate "2012.06.21"]
[EventType "swiss"]
[EventRounds "9"]
[EventCountry "ESP"]
[Source "lmi"]
[SourceDate "2012.06.21"]

1. e4 c5 2. Nf3 Nc6 3. d4 cxd4 4. Nxd4 e6 5. Be3 Nf6 6. Nd2 Be7 7. f3 a6 8.
N2b3 O-O 9. Qd2 h6 10. O-O-O d5 11. Nxc6 bxc6 12. Bd3 Nd7 13. Qf2 Rb8 14. g4
Ne5 15. Rhg1 Nxd3+ 16. Rxd3 e5 17. exd5 cxd5 18. Kb1 Bf6 19. f4 d4 20. Bc1 e4
21. Rxd4 Bxd4 22. Nxd4 Qb6 23. c3 Be6 24. h4 Rfc8 25. Qe3 Qa5 26. Nb3 Rxb3 0-1

[Event "4. Open Ciudad de Tres Cantos 2012"]
[Site "Tres Cantos ESP"]
[Date "2012.06.25"]
[Round "5.49"]
[White "Hernandez Ramos, Alberto"]
[Black "Pindado Del Carmen, Eliseo"]
[Result "1/2-1/2"]
[WhiteElo "1407"]
[BlackElo "1596"]
[PlyCount "133"]
[EventDate "2012.06.21"]
[EventType "swiss"]
[EventRounds "9"]
[EventCountry "ESP"]
[Source "lmi"]
[SourceDate "2012.06.21"]

1. e4 c5 2. Nf3 e6 3. d4 cxd4 4. Nxd4 a6 5. Be3 Qc7 6. Nc3 Bb4 7. Qd2 Bxc3 8.
Qxc3 Qxc3+ 9. bxc3 Nf6 10. f3 O-O 11. Bd3 d6 12. Rb1 Nfd7 13. Nb3 Nc6 14. O-O
Nde5 15. Be2 b5 16. Rfd1 Rd8 17. Bf4 f6 18. Nd4 Nxd4 19. cxd4 Ng6 20. Bg3 d5
21. Bd3 Ne7 22. c3 Bd7 23. Bd6 Nc8 24. Bc5 Bc6 25. Re1 Re8 26. e5 f5 27. a3 Kf7
28. f4 Ne7 29. Bxe7 Kxe7 30. g4 g6 31. h3 fxg4 32. hxg4 Rf8 33. Rf1 Bd7 34. g5
Rac8 35. Rbc1 Rc7 36. Rc2 Rfc8 37. Rfc1 Kf7 38. Kg2 Kg7 39. Kg3 a5 40. Kg4 b4
41. cxb4 Rxc2 42. Rxc2 Rxc2 43. Bxc2 axb4 44. axb4 Bb5 45. Bd1 Kf7 46. Kf3 Ke7
47. Ke3 Kd8 48. Be2 Bd7 49. Kd2 Kc7 50. Kc2 Kb6 51. Kb3 Bc8 52. Ka4 Bd7+ 53. b5
Bc8 54. Kb4 Bd7 55. Ka4 Be8 56. Kb4 Bd7 57. Bg4 Bc8 58. Ka4 Bd7 59. Be2 Be8 60.
Bf1 Bd7 61. Kb4 Bc8 62. Bh3 Bd7 63. Bf1 Be8 64. Bh3 Bd7 65. Bg4 Bc8 66. Bh3 Bd7
67. Bf1 1/2-1/2

[Event "4. Open Ciudad de Tres Cantos 2012"]
[Site "Tres Cantos ESP"]
[Date "2012.06.25"]
[Round "5.51"]
[White "Jarne Anguita, Miguel"]
[Black "Cortijo Manso, Luis"]
[Result "1/2-1/2"]
[WhiteElo "1327"]
[BlackElo "1561"]
[PlyCount "144"]
[EventDate "2012.06.21"]
[EventType "swiss"]
[EventRounds "9"]
[EventCountry "ESP"]
[Source "lmi"]
[SourceDate "2012.06.21"]

1. d4 Nf6 2. Nf3 g6 3. e3 d5 4. Nbd2 Bg7 5. b3 O-O 6. Bb2 Nbd7 7. Bd3 c5 8. O-O
cxd4 9. exd4 b6 10. c4 Bb7 11. Re1 e6 12. Ne5 Re8 13. Rc1 Nxe5 14. dxe5 Nd7 15.
Nf3 Nc5 16. Bb1 Bh6 17. Rc2 a5 18. Nd4 Na6 19. Nb5 Bf8 20. Qf3 Nc5 21. Qf6 Be7
22. Qf4 Nd3 23. Qe3 Nxe1 24. Qxe1 dxc4 25. Rxc4 Qd5 26. Be4 Qxb5 27. Bxb7 a4
28. Bxa8 Rxa8 29. Qe4 Rd8 30. h3 axb3 31. axb3 Qxb3 32. Qc2 Qxc2 33. Rxc2 Rd1+
34. Kh2 Bc5 35. Re2 h5 36. h4 Rf1 37. Kh3 Rd1 38. Rc2 Rd3+ 39. Kh2 Rd5 40. f3
b5 41. Bc3 b4 42. Bb2 Bd4 43. Bxd4 Rxd4 44. Kh3 b3 45. Rc8+ Kg7 46. Rb8 Rd3 47.
Kg3 f5 48. Rb7+ Kh6 49. Rb4 Rc3 50. Kf4 Rc2 51. Rxb3 Rxg2 52. Rb6 Rh2 53. Kg3
Re2 54. Rxe6 Kg7 55. Re7+ Kf8 56. Re6 Kf7 57. Ra6 Rxe5 58. Kf4 Rb5 59. Kg5 Rb1
60. Rf6+ Ke7 61. Rxg6 Rg1+ 62. Kxh5 Rf1 63. Rg3 f4 64. Rh3 Kf6 65. Kg4 Ke5 66.
h5 Rg1+ 67. Kh4 Kf5 68. h6 Rg6 69. Kh5 Rg5+ 70. Kh4 Rg6 71. Kh5 Rg5+ 72. Kh4
Rg6 1/2-1/2

[Event "4. Open Ciudad de Tres Cantos 2012"]
[Site "Tres Cantos ESP"]
[Date "2012.06.25"]
[Round "5.52"]
[White "Jarne Ubieto, Francisco"]
[Black "Infante Martin, Alonso"]
[Result "1-0"]
[WhiteElo "1318"]
[BlackElo "1512"]
[PlyCount "83"]
[EventDate "2012.06.21"]
[EventType "swiss"]
[EventRounds "9"]
[EventCountry "ESP"]
[Source "lmi"]
[SourceDate "2012.06.21"]

1. d4 e6 2. e3 d5 3. Bd3 f5 4. Nf3 Nf6 5. O-O Bd6 6. Nbd2 Nbd7 7. b3 O-O 8. Bb2
c6 9. c4 Ne4 10. Rc1 Rf6 11. Ne5 Rh6 12. Ndf3 g5 13. h3 g4 14. hxg4 Bxe5 15.
dxe5 fxg4 16. Nh2 Qh4 17. Qxg4+ Qxg4 18. Nxg4 Rg6 19. f3 Ndc5 20. Bc2 h5 21.
Nf2 Rg7 22. fxe4 Bd7 23. exd5 a5 24. Ne4 Nxe4 25. Bxe4 h4 26. Rf6 h3 27. Rh6
Rxg2+ 28. Bxg2 hxg2 29. Rf1 gxf1=Q+ 30. Kxf1 Rf8+ 31. Ke2 cxd5 32. cxd5 Bb5+
33. Kd2 Rf2+ 34. Kc3 Re2 35. Rxe6 Rxe3+ 36. Kd4 Re2 37. Rb6 Ba6 38. Bc1 Rxa2
39. d6 Kf7 40. Kd5 Ra1 41. d7 Ke7 42. Rd6 1-0

[Event "4. Open Ciudad de Tres Cantos 2012"]
[Site "Tres Cantos ESP"]
[Date "2012.06.26"]
[Round "6.1"]
[White "Rausis, Igor"]
[Black "Alvarez Abejon, Amilcar"]
[Result "1-0"]
[WhiteElo "2514"]
[BlackElo "2074"]
[PlyCount "90"]
[EventDate "2012.06.21"]
[EventType "swiss"]
[EventRounds "9"]
[EventCountry "ESP"]
[Source "lmi"]
[SourceDate "2012.06.21"]

1. d4 Nf6 2. Bg5 d6 3. Bxf6 exf6 4. e3 g6 5. g3 Bg7 6. Bg2 O-O 7. Ne2 Nd7 8. c4
f5 9. Nbc3 c6 10. b4 Nf6 11. O-O Re8 12. b5 Ne4 13. Qc2 Qe7 14. Rab1 g5 15.
bxc6 bxc6 16. Nxe4 fxe4 17. Qa4 c5 18. h3 f5 19. dxc5 dxc5 20. Rfc1 Be6 21. Nc3
Rad8 22. Nd5 Bxd5 23. cxd5 f4 24. Qc4 Qd6 25. Qxc5 Qxd5 26. Bf1 Qxc5 27. Rxc5
fxe3 28. fxe3 h6 29. Bc4+ Kh8 30. Rd5 Rxd5 31. Bxd5 Bc3 32. Rb7 a5 33. Kf2 Rd8
34. Bxe4 Rd2+ 35. Kf3 Rd6 36. Bf5 Be5 37. Ra7 Bc3 38. Kg4 Rf6 39. e4 Kg8 40.
Kh5 Be1 41. Kg4 Bc3 42. a4 Kf8 43. Rc7 Bb4 44. e5 Rf7 45. Rc6 Bc3 1-0

[Event "4. Open Ciudad de Tres Cantos 2012"]
[Site "Tres Cantos ESP"]
[Date "2012.06.26"]
[Round "6.2"]
[White "Adan Bermudez, Sergio"]
[Black "Fernandez Blazquez, Diego"]
[Result "0-1"]
[WhiteElo "2320"]
[BlackElo "2185"]
[PlyCount "72"]
[EventDate "2012.06.21"]
[EventType "swiss"]
[EventRounds "9"]
[EventCountry "ESP"]
[Source "lmi"]
[SourceDate "2012.06.21"]

1. c4 e5 2. g3 Nf6 3. Bg2 d5 4. cxd5 Nxd5 5. Nf3 Nc6 6. O-O Nb6 7. b3 Be7 8.
Bb2 f6 9. d3 Be6 10. Nbd2 Qd7 11. Re1 O-O-O 12. Rc1 g5 13. Ne4 h5 14. h4 gxh4
15. Nxh4 Nd5 16. Nc5 Bxc5 17. Rxc5 Rhg8 18. e3 Nde7 19. d4 Bh3 20. Qxh5 Rh8 21.
Bxc6 Nxc6 22. Qf3 Rxh4 23. gxh4 Rg8+ 24. Kh2 Bg2 25. Qxg2 Rxg2+ 26. Kxg2 Qg4+
27. Kf1 Nb4 28. Rc3 e4 29. Rec1 c6 30. Ba3 Nd3 31. d5 Qf3 32. R3c2 Qh1+ 33. Ke2
Qxh4 34. Rf1 Qh5+ 35. Kd2 Qxd5 36. Ke2 Nf4+ 0-1

[Event "4. Open Ciudad de Tres Cantos 2012"]
[Site "Tres Cantos ESP"]
[Date "2012.06.26"]
[Round "6.3"]
[White "Lopez Moll, Jose Manuel"]
[Black "Renteria, Jorge"]
[Result "0-1"]
[WhiteElo "1996"]
[BlackElo "2326"]
[PlyCount "62"]
[EventDate "2012.06.21"]
[EventType "swiss"]
[EventRounds "9"]
[EventCountry "ESP"]
[Source "lmi"]
[SourceDate "2012.06.21"]

1. e4 c5 2. Nf3 d6 3. d4 cxd4 4. Nxd4 Nf6 5. Nc3 a6 6. Be3 e5 7. Nb3 Be6 8. f3
Be7 9. Qd2 O-O 10. g4 d5 11. exd5 Nxd5 12. Nxd5 Bxd5 13. Bg2 Bh4+ 14. Bf2 Bxf2+
15. Qxf2 a5 16. O-O-O a4 17. Nd2 Bxa2 18. Ne4 Qa5 19. Qc5 Nc6 20. Rd7 Nd4 21.
Qxa5 Rxa5 22. Nc3 Be6 23. Rxb7 a3 24. bxa3 Rxa3 25. Kb2 Ra5 26. Re1 Rc8 27. Re3
h6 28. Bf1 g5 29. Bd3 Kg7 30. Nb5 Nxb5 31. Bxb5 Ra2+ 0-1

[Event "4. Open Ciudad de Tres Cantos 2012"]
[Site "Tres Cantos ESP"]
[Date "2012.06.26"]
[Round "6.4"]
[White "Rivera Leon, Mauro Arturo"]
[Black "Martin Garcia, Guillermo"]
[Result "1-0"]
[WhiteElo "2097"]
[BlackElo "1977"]
[PlyCount "93"]
[EventDate "2012.06.21"]
[EventType "swiss"]
[EventRounds "9"]
[EventCountry "ESP"]
[Source "lmi"]
[SourceDate "2012.06.21"]

1. e4 e5 2. Nf3 Nc6 3. Bb5 f5 4. Nc3 fxe4 5. Nxe4 Nf6 6. Nxf6+ Qxf6 7. Qe2 Bc5
8. Bxc6 bxc6 9. d4 Bb6 10. Bg5 Qf5 11. Qxe5+ Qxe5+ 12. dxe5 O-O 13. O-O Bc5 14.
Rad1 Rb8 15. b3 a5 16. a4 Re8 17. Bd2 Ra8 18. Rfe1 h6 19. Bc3 Kf7 20. Nd4 Bxd4
21. Rxd4 Re6 22. Rc4 Bb7 23. f4 g6 24. g4 d5 25. Rc5 Ree8 26. Bxa5 Rac8 27. Bc3
h5 28. h3 hxg4 29. hxg4 Ke6 30. Rf1 Rf8 31. Kg2 Rf7 32. Kg3 Ra8 33. Bd4 Ra6 34.
Rc3 Rg7 35. Kh4 g5+ 36. fxg5 Ra8 37. Rf6+ Kd7 38. g6 Rh8+ 39. Kg5 Ke8 40. Rf7
Rhg8 41. Rxg7 Rxg7 42. e6 Rg8 43. Bf6 d4 44. Rc4 c5 45. Rxc5 Be4 46. g7 c6 47.
Ra5 1-0

[Event "4. Open Ciudad de Tres Cantos 2012"]
[Site "Tres Cantos ESP"]
[Date "2012.06.26"]
[Round "6.5"]
[White "Marcos Herrero, Francisco"]
[Black "Aguado Solana, Juan"]
[Result "0-1"]
[WhiteElo "1914"]
[BlackElo "2083"]
[PlyCount "74"]
[EventDate "2012.06.21"]
[EventType "swiss"]
[EventRounds "9"]
[EventCountry "ESP"]
[Source "lmi"]
[SourceDate "2012.06.21"]

1. d4 d5 2. c4 Nc6 3. Nc3 dxc4 4. d5 Ne5 5. Nf3 Nxf3+ 6. exf3 Nf6 7. Bxc4 g6 8.
Bf4 Bg7 9. Nb5 O-O 10. Bxc7 Qd7 11. Bg3 Nh5 12. Nc3 Kh8 13. O-O f5 14. f4 a6
15. Qd2 b5 16. Bb3 Nxg3 17. hxg3 Bb7 18. Rad1 Rfd8 19. Rfe1 Rac8 20. a3 Qc7 21.
Re3 Rd6 22. Qe2 Bf6 23. g4 fxg4 24. Qxg4 Rf8 25. Ne4 Bc8 26. Qe2 Rb6 27. Nxf6
Rbxf6 28. Rxe7 Qxf4 29. Re8 Bg4 30. Rxf8+ Rxf8 31. f3 Bd7 32. d6 Re8 33. Qd2
Qe3+ 34. Kf1 Qxb3 35. Qd4+ Kg8 36. Rc1 Qe6 37. Rc7 Qe1# 0-1

[Event "4. Open Ciudad de Tres Cantos 2012"]
[Site "Tres Cantos ESP"]
[Date "2012.06.26"]
[Round "6.6"]
[White "Ledo Galan, Jose Emilio"]
[Black "Barroso Barroso, Jorge"]
[Result "1-0"]
[WhiteElo "2079"]
[BlackElo "1812"]
[PlyCount "75"]
[EventDate "2012.06.21"]
[EventType "swiss"]
[EventRounds "9"]
[EventCountry "ESP"]
[Source "lmi"]
[SourceDate "2012.06.21"]

1. e4 e6 2. d4 d5 3. e5 c5 4. dxc5 Bxc5 5. Qg4 Bf8 6. Bd3 Ne7 7. Nf3 Nbc6 8.
O-O Ng6 9. Re1 Nb4 10. Nc3 Nxd3 11. cxd3 a6 12. d4 Bd7 13. h4 h6 14. h5 Ne7 15.
Nh4 Qb6 16. a3 Rc8 17. Re3 Rc4 18. Rd3 Nc6 19. Nf3 Na5 20. b4 Nb3 21. Rb1 Nxc1
22. Rxc1 a5 23. b5 Rg8 24. a4 Bb4 25. Nd2 Rc8 26. Qf4 Be7 27. Nf3 Bb4 28. Ne2
Rxc1+ 29. Qxc1 Ke7 30. Qf4 Rc8 31. Qg4 Kf8 32. Nh4 Rc2 33. Rg3 Qc7 34. Qxg7+
Ke8 35. Qh8+ Ke7 36. Qf6+ Ke8 37. Rg8+ Bf8 38. Ng6 1-0

[Event "4. Open Ciudad de Tres Cantos 2012"]
[Site "Tres Cantos ESP"]
[Date "2012.06.26"]
[Round "6.7"]
[White "Pastor Alonso De Prado, Alberto"]
[Black "Lopez Heras, Arturo"]
[Result "1/2-1/2"]
[WhiteElo "2191"]
[BlackElo "1926"]
[PlyCount "109"]
[EventDate "2012.06.21"]
[EventType "swiss"]
[EventRounds "9"]
[EventCountry "ESP"]
[Source "lmi"]
[SourceDate "2012.06.21"]

1. e4 e5 2. Nf3 Nc6 3. Nc3 Nf6 4. Bb5 Bd6 5. Bxc6 dxc6 6. d4 Qe7 7. dxe5 Bxe5
8. Nxe5 Qxe5 9. f3 Qc5 10. Qd3 Be6 11. Qe3 Qh5 12. O-O O-O 13. Qg5 Qxg5 14.
Bxg5 Nd7 15. Bf4 Rac8 16. g4 f6 17. Kf2 Ne5 18. h4 h6 19. h5 Rcd8 20. Ne2 Rd7
21. Rfd1 Rfd8 22. Rxd7 Rxd7 23. Ng3 Nc4 24. b3 Na3 25. Rc1 Nb5 26. c4 Nd6 27.
Ke1 Nf7 28. Rd1 Ne5 29. Rxd7 Bxd7 30. Ke2 c5 31. Bxe5 fxe5 32. Nh1 Kf7 33. Nf2
Kf6 34. Nd3 b6 35. Ke3 a5 36. Kf2 a4 37. Kg3 axb3 38. axb3 Bc6 39. Kh4 Bb7 40.
Kg3 Bc6 41. Kf2 Bb7 42. Ke3 Bc8 43. b4 Be6 44. bxc5 Bxc4 45. cxb6 cxb6 46. Nb4
Ke6 47. f4 exf4+ 48. Kxf4 Be2 49. e5 Bb5 50. Nc2 Bd3 51. Nd4+ Kf7 52. Ke3 Bc4
53. Nf5 Bf1 54. Ke4 Bg2+ 55. Kf4 1/2-1/2

[Event "4. Open Ciudad de Tres Cantos 2012"]
[Site "Tres Cantos ESP"]
[Date "2012.06.26"]
[Round "6.8"]
[White "Lopez De Turiso, Jose Angel"]
[Black "Sterling Carmona, Francisco"]
[Result "1/2-1/2"]
[WhiteElo "2044"]
[BlackElo "1916"]
[PlyCount "78"]
[EventDate "2012.06.21"]
[EventType "swiss"]
[EventRounds "9"]
[EventCountry "ESP"]
[Source "lmi"]
[SourceDate "2012.06.21"]

1. d4 d5 2. c4 e6 3. Nc3 Nf6 4. Bg5 Be7 5. Nf3 h6 6. Bh4 Ne4 7. Bxe7 Qxe7 8. e3
Nxc3 9. bxc3 O-O 10. Qb3 dxc4 11. Bxc4 c5 12. O-O Nc6 13. Qb5 cxd4 14. cxd4 Rb8
15. Qh5 Bd7 16. Rab1 Qf6 17. Rb2 Rfc8 18. Bd3 Ne7 19. Ne5 Be8 20. h4 Nd5 21.
Be4 b5 22. g3 Qe7 23. Qf3 Qa3 24. Rd2 Rc1 25. Bxd5 Rxf1+ 26. Kxf1 exd5 27. Rc2
Qd6 28. Rc5 Rd8 29. Qf5 Qe6 30. Qxe6 fxe6 31. Rc7 a5 32. Re7 Rb8 33. Rxe6 b4
34. Ke1 a4 35. Kd2 b3 36. axb3 axb3 37. Nd3 b2 38. Rxe8+ Rxe8 39. Nxb2 Kf7
1/2-1/2

[Event "4. Open Ciudad de Tres Cantos 2012"]
[Site "Tres Cantos ESP"]
[Date "2012.06.26"]
[Round "6.9"]
[White "Pindado Campos, Raul"]
[Black "Lorite Cruz, Francisco"]
[Result "0-1"]
[WhiteElo "1908"]
[BlackElo "2025"]
[PlyCount "134"]
[EventDate "2012.06.21"]
[EventType "swiss"]
[EventRounds "9"]
[EventCountry "ESP"]
[Source "lmi"]
[SourceDate "2012.06.21"]

1. e4 e5 2. f4 exf4 3. Nf3 Ne7 4. d4 d5 5. Nc3 dxe4 6. Nxe4 Nd5 7. Bc4 Be7 8.
O-O O-O 9. Ne5 Be6 10. Bb3 Bf5 11. Qf3 c6 12. c3 Nd7 13. Bxf4 Nxe5 14. Bxe5 Bg6
15. Ng3 f6 16. Bf4 Kh8 17. Bd2 Re8 18. Nf5 Bf8 19. Nh4 Be4 20. Qh3 Qc8 21. Qg3
Qc7 22. Qxc7 Nxc7 23. Rae1 Rad8 24. Be3 Bd3 25. Rf3 Be4 26. Rff1 Nd5 27. Bxd5
cxd5 28. Nf5 Kg8 29. Ng3 Bd3 30. Rf2 Re6 31. Rd2 Bg6 32. Rde2 Rde8 33. Bf4 Kf7
34. Rxe6 Rxe6 35. Rxe6 Kxe6 36. Bb8 a6 37. Kf2 Bb1 38. a3 g5 39. Bc7 Bg6 40.
Nf1 h5 41. Bd8 Bh6 42. Ne3 f5 43. Bb6 f4 44. Nf1 Bd3 45. Nd2 Kf5 46. Nb3 Bb5
47. Nc5 Bc6 48. a4 Bf8 49. a5 g4 50. g3 fxg3+ 51. hxg3 Be7 52. Bc7 h4 53. gxh4
Bxh4+ 54. Ke3 Bg5+ 55. Kd3 Bb5+ 56. Kc2 Bf4 57. Bxf4 Kxf4 58. Ne6+ Ke3 59. Ng7
g3 60. Nf5+ Kf3 61. Nh4+ Kf2 62. b3 g2 63. Nxg2 Kxg2 64. c4 dxc4 65. bxc4 Bxc4
66. Kc3 Bd5 67. Kb4 Kf3 0-1

[Event "4. Open Ciudad de Tres Cantos 2012"]
[Site "Tres Cantos ESP"]
[Date "2012.06.26"]
[Round "6.10"]
[White "Cano Cabanillas, Javier"]
[Black "Nuñez Miranda, Adrian"]
[Result "0-1"]
[WhiteElo "2024"]
[BlackElo "1902"]
[PlyCount "30"]
[EventDate "2012.06.21"]
[EventType "swiss"]
[EventRounds "9"]
[EventCountry "ESP"]
[Source "lmi"]
[SourceDate "2012.06.21"]

1. e4 d6 2. d4 Nf6 3. Nc3 e5 4. Nge2 g6 5. h3 Bg7 6. Be3 O-O 7. g4 Re8 8. Bg2
Nc6 9. Ng3 exd4 10. Bxd4 Nxd4 11. O-O Ne6 12. f4 c6 13. h4 Nd7 14. f5 Bd4+ 15.
Kh1 Qxh4+ 0-1

[Event "4. Open Ciudad de Tres Cantos 2012"]
[Site "Tres Cantos ESP"]
[Date "2012.06.26"]
[Round "6.11"]
[White "Campos Palacios, Daniel"]
[Black "Erice Alonso, Santiago"]
[Result "0-1"]
[WhiteElo "1896"]
[BlackElo "2010"]
[PlyCount "82"]
[EventDate "2012.06.21"]
[EventType "swiss"]
[EventRounds "9"]
[EventCountry "ESP"]
[Source "lmi"]
[SourceDate "2012.06.21"]

1. e4 c5 2. Nf3 g6 3. d4 cxd4 4. Nxd4 Bg7 5. c4 Nc6 6. Be3 Nf6 7. Nc3 Ng4 8.
Qxg4 Nxd4 9. Qd1 e5 10. Bd3 O-O 11. O-O d6 12. a4 Be6 13. Nb5 f5 14. Bxd4 exd4
15. exf5 Bxf5 16. Bxf5 Rxf5 17. Ra3 Qf6 18. Rd3 Rf8 19. Nxd4 Rxf2 20. Nf3 Rxf1+
21. Kxf1 Qf4 22. Rxd6 Qxc4+ 23. Kg1 Bxb2 24. Rd8 Qc1 25. Kf2 Qxd1 26. Rxd1 Rf7
27. Kg3 Kg7 28. Rd2 Bf6 29. h4 Rc7 30. Ng5 Re7 31. Kf4 h6 32. Nf3 Kf7 33. Rc2
a6 34. Rc5 Ke6 35. h5 Kd6 36. Rc2 gxh5 37. Kf5 Bg5 38. Nxg5 Re5+ 39. Kg6 hxg5
40. Kxh5 b5 41. axb5 axb5 0-1

[Event "4. Open Ciudad de Tres Cantos 2012"]
[Site "Tres Cantos ESP"]
[Date "2012.06.26"]
[Round "6.12"]
[White "Minguela Muñoz, Bienvenido"]
[Black "Heras Cuencas, Miguel Angel"]
[Result "0-1"]
[WhiteElo "1878"]
[BlackElo "1985"]
[PlyCount "94"]
[EventDate "2012.06.21"]
[EventType "swiss"]
[EventRounds "9"]
[EventCountry "ESP"]
[Source "lmi"]
[SourceDate "2012.06.21"]

1. Nf3 Nf6 2. d4 c5 3. d5 d6 4. e3 g6 5. c4 Bg7 6. Nc3 O-O 7. Bd3 Nbd7 8. O-O
Ng4 9. h3 Nge5 10. Nxe5 Nxe5 11. f4 Nxd3 12. Qxd3 a6 13. a4 Bd7 14. a5 b5 15.
axb6 Qxb6 16. Ra3 Rfb8 17. e4 f5 18. Qe2 Bd4+ 19. Kh1 Qc7 20. exf5 Bxf5 21. g4
Bc8 22. f5 Bf6 23. fxg6 hxg6 24. Ne4 Kg7 25. g5 Be5 26. Raf3 Bf5 27. Ng3 e6 28.
Nxf5+ exf5 29. b3 Rh8 30. Bb2 Rae8 31. Re3 Qe7 32. Re1 Qxg5 33. Bxe5+ Rxe5 34.
Qb2 f4 35. Rf3 Qf5 36. Qc3 g5 37. Rg1 Kg6 38. Qd3 Qxd3 39. Rxd3 Kf5 40. Kh2
Rhe8 41. b4 cxb4 42. c5 dxc5 43. d6 Re2+ 44. Rg2 Rxg2+ 45. Kxg2 Ke4 46. d7 Rd8
47. Rd6 a5 0-1

[Event "4. Open Ciudad de Tres Cantos 2012"]
[Site "Tres Cantos ESP"]
[Date "2012.06.26"]
[Round "6.13"]
[White "Largo Barbero, Benito"]
[Black "Rodriguez Dorado, Victor"]
[Result "1/2-1/2"]
[WhiteElo "1864"]
[BlackElo "1946"]
[PlyCount "44"]
[EventDate "2012.06.21"]
[EventType "swiss"]
[EventRounds "9"]
[EventCountry "ESP"]
[Source "lmi"]
[SourceDate "2012.06.21"]

1. Nc3 c5 2. e4 Nc6 3. g3 g6 4. Bg2 Bg7 5. d3 e6 6. Be3 d6 7. Qd2 Qa5 8. f4
Nge7 9. Nf3 Bd7 10. O-O O-O 11. g4 b5 12. Nh4 b4 13. Nd1 f5 14. gxf5 gxf5 15.
exf5 Nxf5 16. Nxf5 Rxf5 17. Be4 Kh8 18. Rf3 Rg8 19. Rg3 Rf7 20. Qg2 Qd8 21.
Bxc6 Bxc6 22. Qxc6 Bh6 1/2-1/2

[Event "4. Open Ciudad de Tres Cantos 2012"]
[Site "Tres Cantos ESP"]
[Date "2012.06.26"]
[Round "6.14"]
[White "Rodrigo Yanguas, Maria"]
[Black "Montoya Pecurul, Marc"]
[Result "0-1"]
[WhiteElo "2198"]
[BlackElo "1892"]
[PlyCount "80"]
[EventDate "2012.06.21"]
[EventType "swiss"]
[EventRounds "9"]
[EventCountry "ESP"]
[Source "lmi"]
[SourceDate "2012.06.21"]

1. e4 c5 2. Nf3 d6 3. d4 cxd4 4. Nxd4 Nf6 5. Nc3 g6 6. Be3 Bg7 7. f3 O-O 8. Qd2
Nc6 9. O-O-O d5 10. Qe1 e5 11. Nxc6 bxc6 12. exd5 Nxd5 13. Bc4 Be6 14. Ne4 Qc7
15. Bc5 Rfd8 16. h4 Nf4 17. Bxe6 Nxe6 18. Bd6 Qb6 19. g4 Nd4 20. g5 Nxf3 21.
Qc3 Nd4 22. Qh3 Qa6 23. h5 Qe2 24. Qd3 Qxd3 25. Rxd3 gxh5 26. Kd2 Nf5 27. Bc5
Rxd3+ 28. Kxd3 Rd8+ 29. Kc4 h4 30. Bxa7 Ra8 31. Bc5 Rxa2 32. Ba3 Ng3 33. Nxg3
hxg3 34. Kb3 Rxa3+ 35. bxa3 e4 36. Rg1 Be5 37. a4 e3 38. Rg2 Bd4 39. Kc4 e2 40.
Rxe2 Bf2 0-1

[Event "4. Open Ciudad de Tres Cantos 2012"]
[Site "Tres Cantos ESP"]
[Date "2012.06.26"]
[Round "6.15"]
[White "Arauz Alonso, Fernando"]
[Black "Martin-Consuegra Barrilero, Javier"]
[Result "1/2-1/2"]
[WhiteElo "2059"]
[BlackElo "1880"]
[PlyCount "38"]
[EventDate "2012.06.21"]
[EventType "swiss"]
[EventRounds "9"]
[EventCountry "ESP"]
[Source "lmi"]
[SourceDate "2012.06.21"]

1. d4 d6 2. c4 e5 3. dxe5 dxe5 4. Qxd8+ Kxd8 5. Nc3 c6 6. Nf3 f6 7. g3 Be6 8.
b3 h5 9. Bb2 Ne7 10. Bg2 Ng6 11. h4 Nd7 12. O-O-O Kc7 13. Rd2 Be7 14. Rhd1 Rhd8
15. Nh2 Ngf8 16. Nf1 Nb6 17. Ne3 Rxd2 18. Rxd2 Rd8 19. Rxd8 Kxd8 1/2-1/2

[Event "4. Open Ciudad de Tres Cantos 2012"]
[Site "Tres Cantos ESP"]
[Date "2012.06.26"]
[Round "6.16"]
[White "Julian Serra, Rogelio"]
[Black "Bartolome Chicharro, Jesus"]
[Result "1-0"]
[WhiteElo "2057"]
[BlackElo "1807"]
[PlyCount "39"]
[EventDate "2012.06.21"]
[EventType "swiss"]
[EventRounds "9"]
[EventCountry "ESP"]
[Source "lmi"]
[SourceDate "2012.06.21"]

1. d4 e6 2. Nf3 d5 3. e3 Nf6 4. Bd3 Be7 5. O-O O-O 6. Nbd2 b6 7. e4 dxe4 8.
Nxe4 Bb7 9. Re1 Nbd7 10. c3 Rc8 11. Qc2 Kh8 12. Nfg5 h6 13. Re3 hxg5 14. Nxg5
Ng4 15. Rh3+ Nh6 16. Nh7 Rg8 17. Qd2 Nf8 18. Nf6 g5 19. Rxh6+ Kg7 20. Qxg5+ 1-0

[Event "4. Open Ciudad de Tres Cantos 2012"]
[Site "Tres Cantos ESP"]
[Date "2012.06.26"]
[Round "6.17"]
[White "Guerrero Villanueva, David"]
[Black "Tolosana Esteban, Enrique"]
[Result "1-0"]
[WhiteElo "2021"]
[BlackElo "1718"]
[PlyCount "69"]
[EventDate "2012.06.21"]
[EventType "swiss"]
[EventRounds "9"]
[EventCountry "ESP"]
[Source "lmi"]
[SourceDate "2012.06.21"]

1. e4 Nc6 2. d4 d5 3. e5 Bf5 4. c3 e6 5. Bd3 Bxd3 6. Qxd3 f6 7. f4 Qd7 8. Nf3
O-O-O 9. b4 h5 10. Be3 Nh6 11. a4 Be7 12. h4 Ng4 13. Bg1 Rdf8 14. g3 Bd8 15.
Nbd2 g5 16. Nb3 Be7 17. exf6 Nxf6 18. Nxg5 Ng4 19. Nf3 Rf5 20. b5 Nd8 21. Ne5
Nxe5 22. dxe5 b6 23. a5 Kb7 24. axb6 cxb6 25. Rh2 Rg8 26. Rha2 Kb8 27. Bxb6
axb6 28. Ra8+ Kc7 29. R1a7+ Nb7 30. Rxg8 Bc5 31. Nxc5 bxc5 32. b6+ Kc6 33. Qa6
Rf7 34. Qa4+ Kxb6 35. Qa6+ 1-0

[Event "4. Open Ciudad de Tres Cantos 2012"]
[Site "Tres Cantos ESP"]
[Date "2012.06.26"]
[Round "6.18"]
[White "Cabrera Fernandez, Daniel"]
[Black "Ruiz Sanchez, Roberto"]
[Result "1/2-1/2"]
[WhiteElo "1880"]
[BlackElo "2005"]
[PlyCount "62"]
[EventDate "2012.06.21"]
[EventType "swiss"]
[EventRounds "9"]
[EventCountry "ESP"]
[Source "lmi"]
[SourceDate "2012.06.21"]

1. e4 c6 2. d4 d5 3. exd5 cxd5 4. c4 Nf6 5. Nc3 e6 6. Nf3 Be7 7. Bf4 O-O 8. Bd3
dxc4 9. Bxc4 Nc6 10. O-O a6 11. a4 Qb6 12. Qb3 Qxb3 13. Bxb3 Nb4 14. Rad1 b6
15. Rfe1 Ra7 16. Ne5 Bb7 17. Bg3 Nbd5 18. f3 Bb4 19. Rd3 Rc8 20. Nc4 Bc6 21.
Nd6 Rd8 22. Nde4 h6 23. Rc1 Nh5 24. Nxd5 Bxd5 25. Bxd5 Nxg3 26. Nxg3 Rxd5 27.
Rc8+ Kh7 28. Ne2 e5 29. Rb8 Bc5 30. dxc5 Rxd3 31. cxb6 Rad7 1/2-1/2